书目信息 |
| 题名: |
跨国公司与国际直接投资
|
|
| 作者: | 赵春明 , 郑飞虎 , 齐玮 编 | |
| 分册: | ||
| 出版信息: | 北京 机械工业出版社 2012 |
|
| 页数: | 347页 | |
| 开本: | 24cm | |
| 丛书名: | ||
| 单 册: | ||
| 中图分类: | F276.7 , F831.6 | |
| 科图分类: | ||
| 主题词: | 跨国公司--国际直接投资--高等教育--教材 , 跨国公司 , 国际直接投资 | |
| 电子资源: | ||
| ISBN: | 978-7-111-37268-4 | |
| 000 | 01070nam0 2200313 450 | |
| 001 | 524 | |
| 005 | 20140909092707.29 | |
| 010 | @a978-7-111-37268-4@dCNY39.80 | |
| 100 | @a20120711d2012 em y0chiy50 ea | |
| 101 | 0 | @achi |
| 102 | @aCN@b110000 | |
| 105 | @ay z 000yy | |
| 106 | @ar | |
| 200 | 1 | @a跨国公司与国际直接投资@AKua Guo Gong Si Yu Guo Ji Zhi Jie Tou Zi@f赵春明,郑飞虎,齐玮编@FZhao Chun Ming, Zheng Fei Hu, Qi Wei Bian |
| 205 | @a2版 | |
| 210 | @a北京@c机械工业出版社@d2012 | |
| 215 | @a347页@d24cm | |
| 300 | @a北京市高等教育精品教材立项项目 普通高等教育国际经济与贸易专业规划教材 | |
| 330 | @a本书分为十六章,内容包括:垄断优势论、内部化理论、区位理论、国际生产折衷理论等。 | |
| 606 | 0 | @a跨国公司@x国际直接投资@x高等教育@j教材 |
| 606 | 0 | @a跨国公司 |
| 606 | 0 | @a国际直接投资 |
| 690 | @aF276.7@v5 | |
| 690 | @aF831.6@v5 | |
| 701 | 0 | @a赵春明@AZhao Chun Ming@f(1964.9~)@4编 |
| 701 | 0 | @a郑飞虎@AZheng Fei Hu@f(1974~)@4编 |
| 701 | 0 | @a齐玮@AQi Wei@4编 |
| 801 | 0 | @aCN@bTANGWEI@c20140603 |
| 905 | @b0838843-45@dF276.7@e1115=2@f3 | |
| 跨国公司与国际直接投资/赵春明,郑飞虎,齐玮编.-2版.-北京:机械工业出版社,2012 |
| 347页;24cm |
| 北京市高等教育精品教材立项项目 普通高等教育国际经济与贸易专业规划教材 |
| ISBN 978-7-111-37268-4:CNY39.80 |
| 本书分为十六章,内容包括:垄断优势论、内部化理论、区位理论、国际生产折衷理论等。 |
| ● |
| 相关链接 |
|
|
|
|
正题名:跨国公司与国际直接投资
索取号:F276.7/1115=2
 
预约/预借
| 序号 | 登录号 | 条形码 | 馆藏地/架位号 | 状态 | 备注 |
| 1 | 0838843 | 208388430 | 第一样本阅览室/ [索取号:F276.7/1115=2] | 在馆 | |
| 2 | 0838844 | 208388449 | 第一借阅区/ [索取号:F276.7/1115=2] | 在馆 | |
| 3 | 0838845 | 208388458 | 密集书库-海洋学院/ [索取号:F276.7/1115=2] | 在馆 |